000 00768nam a22002057a 4500
003 UA-OsUOA
001 36158
007 ta
008 20060119b un ||||| |||| 00| 0 ukr d
090 _a79
_bП11
942 _cSA
040 _aUA-OsUOA
_bukr
_cUA-OsUOA
_dUA-OsUOA
245 _aПроект положення про навчальний кабінет загальноосвітнього навчального закладу "Фізкультурно-спортивний комплекс"
300 _aС.3-6
955 _a3
041 _aukr
080 _a79
773 0 _w36157
_tЗдоров'я та фізична культура
_dК.
_d2006
_g1
650 7 _a79 Видовищні мистецтва. Розваги. Ігри. Спорт
_2UDC
999 _c322406
_d322406